[Event "Balkan-ch U16"]
[Site "Tornelo INT"]
[Date "2020.11.01"]
[Round "6"]
[White "Kilic, Gokturk Kagan"]
[Black "Stepanencu, Nicodim Cosmin"]
[Result "1-0"]
[WhiteElo "2084"]
[BlackElo "1748"]
[PlyCount "28"]
[EventDate "2020.10.31"]
[EventType "swiss"]
[EventRounds "7"]
[EventCountry "NET"]
[SourceTitle "EXT 2023"]
[Source "ChessBase"]
[SourceDate "2022.10.05"]
[SourceVersion "1"]
[SourceVersionDate "2022.10.05"]
[SourceQuality "1"]

1. e4 e6 2. d4 d5 3. e5 c5 4. c3 Nc6 5. Nf3 Bd7 6. Bd3 Qb6 7. dxc5 Bxc5 8. 0-0 a5 9. Qc2 Nge7 10. Bf4 Rd8 11. Nbd2 Ng6 12. Bg3 a4 13. Rfe1 0-0 14. h4 f5 1-0

[Event "TUR Cup"]
[Site "Antalya"]
[Date "2020.01.30"]
[Round "8"]
[White "Kilic, Gokturk Kagan"]
[Black "Aydogdu, Cagatay"]
[Result "1-0"]
[WhiteElo "1923"]
[BlackElo "1803"]
[PlyCount "105"]
[EventDate "2020.01.26"]
[EventType "swiss"]
[EventRounds "11"]
[EventCountry "TUR"]
[SourceTitle "CBM 194 Extra"]
[Source "ChessBase"]
[SourceDate "2020.03.31"]
[SourceVersion "1"]
[SourceVersionDate "2020.03.31"]
[SourceQuality "1"]

1. d4 Nf6 2. c4 e6 3. Nf3 a6 4. Nc3 d5 5. e3 Bd6 6. cxd5 exd5 7. Be2 Nbd7 8. 0-0 b6 9. b3 Bb7 10. Qc2 0-0 11. Rd1 Qe7 12. Bb2 Rac8 13. Rac1 Ne4 14. Nxe4 dxe4 15. Ne5 Nxe5 16. dxe5 Bxe5 17. Bxe5 Qxe5 18. Rd7 Qe6 19. Rxc7 Rxc7 20. Qxc7 Qc8 21. Rc3 Re8 22. Kf1 a5 23. Ke1 g6 24. Qxc8 Rxc8 25. Rxc8+ Bxc8 26. Kd2 f5 27. Kc3 Kf7 28. Kd4 Ke6 29. g4 Kd6 30. g5 Be6 31. Bc4 Bxc4 32. Kxc4 Kc6 33. a3 Kd6 34. Kb5 Kc7 35. b4 axb4 36. axb4 Kb7 37. h3 Kc7 38. Ka6 Kc6 39. b5+ Kc5 40. h4 Kc4 41. Kxb6 Kd3 42. Kc5 Ke2 43. b6 Kxf2 44. b7 Kxe3 45. b8Q f4 46. Kd5 Kf3 47. Kd4 e3 48. Kd3 Kg4 49. Ke2 Kg3 50. Qe5 Kg4 51. Qe4 Kxh4 52. Qxf4+ Kh5 53. Kf3 1-0

[Event "TUR Cup"]
[Site "Antalya"]
[Date "2020.01.29"]
[Round "5"]
[White "Aydincelebi, Kagan"]
[Black "Kilic, Gokturk Kagan"]
[Result "1-0"]
[WhiteElo "2249"]
[BlackElo "1923"]
[PlyCount "47"]
[EventDate "2020.01.26"]
[EventType "swiss"]
[EventRounds "11"]
[EventCountry "TUR"]
[SourceTitle "CBM 194 Extra"]
[Source "ChessBase"]
[SourceDate "2020.03.31"]
[SourceVersion "1"]
[SourceVersionDate "2020.03.31"]
[SourceQuality "1"]

1. e4 e5 2. Nf3 Nc6 3. Bb5 a6 4. Ba4 d6 5. 0-0 Bd7 6. c3 g6 7. d4 Bg7 8. Bg5 f6 9. Be3 Nh6 10. dxe5 dxe5 11. Bc5 f5 12. exf5 gxf5 13. Re1 Nf7 14. Qd5 Qf6 15. Bb3 e4 16. Nbd2 Nfe5 17. Nxe5 Nxe5 18. f4 Nc6 19. Nxe4 fxe4 20. Rxe4+ Kd8 21. Rd1 Kc8 22. Qxd7+ Kb8 23. Re8+ Rxe8 24. Qxe8+ 1-0

[Event "Ankara Baskent Univ op 4th"]
[Site "Ankara"]
[Date "2019.06.17"]
[Round "1"]
[White "Kilic, Gokturk Kagan"]
[Black "Annaberdiev, Meilis"]
[Result "0-1"]
[WhiteElo "1881"]
[BlackElo "2532"]
[PlyCount "90"]
[EventDate "2019.06.17"]
[EventType "swiss"]
[EventRounds "9"]
[EventCountry "TUR"]
[SourceTitle "CBM 191 Extra"]
[Source "ChessBase"]
[SourceDate "2019.09.30"]
[SourceVersion "1"]
[SourceVersionDate "2019.09.30"]
[SourceQuality "1"]

1. e4 c5 2. Nf3 e6 3. d4 cxd4 4. Nxd4 a6 5. Nc3 Qc7 6. Bd3 Nf6 7. 0-0 Nc6 8. Be3 b5 9. a3 Bb7 10. Nb3 Ne5 11. h3 d6 12. f4 Ned7 13. Qf3 Be7 14. Rae1 0-0 15. Qg3 Rfe8 16. Bd4 e5 17. Be3 exf4 18. Bxf4 Nh5 19. Qf3 Nxf4 20. Qxf4 Bf6 21. Nd5 Bxd5 22. exd5 Rxe1 23. Rxe1 Ne5 24. Be4 Re8 25. Qf2 Ng6 26. c3 Re7 27. g3 Qc8 28. Kg2 Qe8 29. Qf3 Re5 30. Re2 Ne7 31. Nd4 a5 32. Qd3 h5 33. Nf3 Ng6 34. Nxe5 Nxe5 35. Bh7+ Kf8 36. Qf5 h4 37. g4 Qd8 38. Rf2 a4 39. Kg1 Bg5 40. Kh2 Qb6 41. Bg6 Bf6 42. Bh7 Qe3 43. Qf4 Nxg4+ 44. Qxg4 Qxf2+ 45. Qg2 Qxg2+ 0-1

[Event "TUR Cup"]
[Site "Antalya"]
[Date "2019.02.02"]
[Round "10"]
[White "Kilic, Gokturk Kagan"]
[Black "Gulbeyaz, Emir"]
[Result "0-1"]
[WhiteElo "2000"]
[BlackElo "2179"]
[PlyCount "78"]
[EventDate "2019.01.27"]
[EventType "swiss"]
[EventRounds "11"]
[EventCountry "TUR"]
[SourceTitle "CBM 188 Extra"]
[Source "ChessBase"]
[SourceDate "2019.02.26"]
[SourceVersion "1"]
[SourceVersionDate "2019.02.26"]
[SourceQuality "1"]

1. e4 g6 2. d4 Bg7 3. Nf3 d6 4. Bc4 Nf6 5. Qe2 0-0 6. e5 dxe5 7. dxe5 Nd5 8. h3 c6 9. 0-0 Be6 10. Bb3 b5 11. a4 bxa4 12. Bxa4 Qc7 13. c4 Nb6 14. b3 N8d7 15. Re1 Nc5 16. Nbd2 Rfd8 17. Bb2 Nd3 18. Bc3 Nxe1 19. Qxe1 Rd3 20. Ne4 c5 21. Qe2 Rad8 22. Bb5 Bf5 23. Rc1 Bh6 24. Rc2 Qc8 25. Ne1 Rd1 26. Ra2 Bxe4 27. Qxe4 Rc1 28. Ba5 Qf5 29. Bc6 Rdd1 30. Kf1 Ra1 31. Qe2 Rxa2 32. Qxa2 Qxe5 33. Qc2 Rc1 34. Qd3 Qd6 35. Qe4 Bg7 36. Be8 Ra1 37. Bxb6 axb6 38. Qf3 Qe6 39. Qe2 Bc3 0-1

[Event "TUR Cup"]
[Site "Antalya"]
[Date "2019.01.28"]
[Round "3"]
[White "Yuksel, Atilla Koksal"]
[Black "Kilic, Gokturk Kagan"]
[Result "1-0"]
[WhiteElo "2236"]
[BlackElo "2000"]
[PlyCount "53"]
[EventDate "2019.01.27"]
[EventType "swiss"]
[EventRounds "11"]
[EventCountry "TUR"]
[SourceTitle "CBM 188 Extra"]
[Source "ChessBase"]
[SourceDate "2019.02.26"]
[SourceVersion "1"]
[SourceVersionDate "2019.02.26"]
[SourceQuality "1"]

1. e4 e5 2. Nf3 Nc6 3. d4 exd4 4. Bc4 Nf6 5. 0-0 Nxe4 6. Re1 d5 7. Bxd5 Qxd5 8. Nc3 Qa5 9. Nxe4 Be6 10. Neg5 0-0-0 11. Nxe6 fxe6 12. Rxe6 Bd6 13. Qe2 h6 14. Bd2 Qd5 15. a3 g5 16. h3 Qf5 17. Re4 Bf4 18. Nh4 gxh4 19. Bxf4 Rhg8 20. Qd3 Qg6 21. g3 hxg3 22. fxg3 Qf5 23. Kh2 Qh5 24. Rae1 a6 25. Re6 Rge8 26. Qh7 Kb8 27. Bxc7+ 1-0

[Event "Wch U20 57th"]
[Site "Manavgat"]
[Date "2018.09.12"]
[Round "8"]
[White "Kilic, Gokturk Kagan"]
[Black "Piyumantha, M Sasith Nipun"]
[Result "1/2-1/2"]
[WhiteElo "1910"]
[BlackElo "2139"]
[PlyCount "61"]
[EventDate "2018.09.05"]
[EventType "swiss"]
[EventRounds "11"]
[EventCountry "TUR"]
[SourceTitle "CBM 186 Extra"]
[Source "ChessBase"]
[SourceDate "2018.08.24"]
[SourceVersion "1"]
[SourceVersionDate "2018.08.24"]
[SourceQuality "1"]

1. e4 c5 2. Nf3 Nc6 3. Bb5 g6 4. 0-0 Bg7 5. c3 e5 6. Na3 Nge7 7. Nc2 0-0 8. d4 cxd4 9. Bxc6 Nxc6 10. cxd4 exd4 11. Nfxd4 Nxd4 12. Nxd4 d5 13. exd5 Qxd5 14. Be3 Qe4 15. Qb3 Rd8 16. Rfd1 Bd7 17. Rac1 Rac8 18. f3 Qe7 19. Kh1 Rxc1 20. Rxc1 Ba4 21. Qc3 Qh4 22. Qa5 Rxd4 23. Rc8+ Bf8 24. Rxf8+ Kxf8 25. Qc5+ Kg8 26. Qxd4 Qxd4 27. Bxd4 a6 28. Bf6 Kf8 29. Kg1 Ke8 30. Kf2 Kd7 31. Ke3 1/2-1/2

[Event "Wch U20 57th"]
[Site "Manavgat"]
[Date "2018.09.11"]
[Round "7"]
[White "Can, Melih Kaan"]
[Black "Kilic, Gokturk Kagan"]
[Result "1-0"]
[WhiteElo "2195"]
[BlackElo "1910"]
[PlyCount "53"]
[EventDate "2018.09.05"]
[EventType "swiss"]
[EventRounds "11"]
[EventCountry "TUR"]
[SourceTitle "CBM 186 Extra"]
[Source "ChessBase"]
[SourceDate "2018.08.24"]
[SourceVersion "1"]
[SourceVersionDate "2018.08.24"]
[SourceQuality "1"]

1. d4 Nf6 2. Nf3 g6 3. Bf4 Bg7 4. e3 0-0 5. Be2 d6 6. h3 Nbd7 7. 0-0 Qe8 8. Bh2 e5 9. c4 Qe7 10. Nc3 c6 11. b4 Ne8 12. b5 c5 13. Nd5 Qd8 14. Qc2 Nc7 15. dxe5 Nxd5 16. cxd5 dxe5 17. Rac1 b6 18. Nd2 Bb7 19. e4 f5 20. exf5 gxf5 21. Nc4 Qf6 22. Rcd1 Kh8 23. Rfe1 Rg8 24. Bf1 f4 25. Qe4 Rae8 26. Bd3 Qh6 27. Nd6 1-0

[Event "Wch U20 57th"]
[Site "Manavgat"]
[Date "2018.09.08"]
[Round "5"]
[White "Wadsworth, Matthew J"]
[Black "Kilic, Gokturk Kagan"]
[Result "1-0"]
[WhiteElo "2351"]
[BlackElo "1910"]
[PlyCount "79"]
[EventDate "2018.09.05"]
[EventType "swiss"]
[EventRounds "11"]
[EventCountry "TUR"]
[SourceTitle "CBM 186 Extra"]
[Source "ChessBase"]
[SourceDate "2018.08.24"]
[SourceVersion "1"]
[SourceVersionDate "2018.08.24"]
[SourceQuality "1"]

1. Nf3 Nf6 2. g3 g6 3. Bg2 Bg7 4. 0-0 0-0 5. c4 e6 6. Nc3 d5 7. d4 Nbd7 8. b3 b6 9. Ba3 Re8 10. Nd2 Bb7 11. Rc1 a6 12. e4 dxe4 13. Ndxe4 Nxe4 14. Nxe4 Rb8 15. d5 Nf6 16. Nxf6+ Qxf6 17. Qd3 Rbd8 18. Rfd1 a5 19. Rc2 Bc8 20. Bb2 Qe7 21. Bxg7 Kxg7 22. Re2 Qf6 23. Rde1 Rd6 24. Qc2 Red8 25. h4 Bb7 26. dxe6 Bxg2 27. Kxg2 fxe6 28. Qe4 Rf8 29. Qe3 h5 30. Rd2 Rfd8 31. Rxd6 Rxd6 32. c5 Rc6 33. cxb6 cxb6 34. Rd1 Rc3 35. Rd7+ Kg8 36. Qe4 Rc8 37. Rd6 Re8 38. Rxb6 Qf5 39. Qxf5 gxf5 40. Ra6 1-0

[Event "Wch U20 57th"]
[Site "Manavgat"]
[Date "2018.09.07"]
[Round "4"]
[White "Cadilhac, Igor Tokuichi Kikuc"]
[Black "Kilic, Gokturk Kagan"]
[Result "0-1"]
[WhiteElo "2286"]
[BlackElo "1910"]
[PlyCount "114"]
[EventDate "2018.09.05"]
[EventType "swiss"]
[EventRounds "11"]
[EventCountry "TUR"]
[SourceTitle "CBM 186 Extra"]
[Source "ChessBase"]
[SourceDate "2018.08.24"]
[SourceVersion "1"]
[SourceVersionDate "2018.08.24"]
[SourceQuality "1"]

1. e4 c5 2. Nf3 e6 3. d4 cxd4 4. Nxd4 a6 5. c4 Nf6 6. Nc3 Bb4 7. Bd3 Nc6 8. Nxc6 dxc6 9. 0-0 e5 10. Qb3 Bc5 11. Bg5 0-0 12. Rad1 h6 13. Bh4 Qe7 14. Kh1 g5 15. Bg3 Nh5 16. Ne2 Nf4 17. Bxf4 gxf4 18. Bb1 Kh8 19. Qf3 Rg8 20. Qh5 Rf8 21. Qf3 Rg8 22. Qh5 Qf6 23. f3 Be6 24. b3 Qg5 25. Qxg5 Rxg5 26. Rd3 Rag8 27. g3 fxg3 28. Nxg3 Bh3 29. Rfd1 h5 30. b4 Bd4 31. f4 exf4 32. Rxd4 fxg3 33. hxg3 Rxg3 34. Rd8 Bg2+ 35. Kh2 Rh3+ 36. Kg1 Rh1+ 37. Kf2 Rxd1 38. Rxd1 h4 39. e5 h3 40. Rd4 Rg5 41. e6 fxe6 42. Be4 Bxe4 43. Rxe4 Rg2+ 44. Kf3 Rxa2 45. Rxe6 h2 46. Rh6+ Kg7 47. Rh4 b6 48. Ke4 Rb2 49. Kd4 Kg6 50. Kc3 Ra2 51. c5 bxc5 52. bxc5 Kg5 53. Rh8 Kg4 54. Kd4 Kg3 55. Rg8+ Kf2 56. Rf8+ Kg1 57. Rg8+ Rg2 0-1

[Event "Skopje Karposh op"]
[Site "Skopje"]
[Date "2018.03.24"]
[Round "1"]
[White "Saraci, Nderim"]
[Black "Kilic, Gokturk Kagan"]
[Result "1-0"]
[WhiteElo "2402"]
[BlackElo "1895"]
[PlyCount "73"]
[EventDate "2018.03.24"]
[EventType "swiss"]
[EventRounds "9"]
[EventCountry "MKD"]
[SourceTitle "CBM 183 Extra"]
[Source "ChessBase"]
[SourceDate "2018.04.19"]
[SourceVersion "1"]
[SourceVersionDate "2018.04.19"]
[SourceQuality "1"]

1. Nf3 Nf6 2. c4 e6 3. g3 d5 4. Bg2 Be7 5. 0-0 0-0 6. d4 c5 7. cxd5 exd5 8. Nc3 Ne4 9. Be3 cxd4 10. Nxd4 Nxc3 11. bxc3 Qa5 12. Qd3 Rd8 13. Rfb1 Nc6 14. Rb5 Qa3 15. Rxd5 Bg4 16. Rb5 Bf6 17. h3 Be6 18. Qd2 Rac8 19. Rxb7 Ne5 20. Qc1 Qa5 21. Nxe6 fxe6 22. Rxa7 Qb5 23. Bf4 Ng6 24. Rb1 Qf5 25. Bc7 Rd7 26. Rbb7 Qc5 27. Bb6 Qxc3 28. Qxc3 Rd1+ 29. Kh2 Bxc3 30. Rc7 Rxc7 31. Rxc7 Be5 32. Rc8+ Kf7 33. Be4 Ne7 34. Rc2 Nd5 35. Ba5 h6 36. Kg2 Ke7 37. h4 1-0

[Event "TUR Cup"]
[Site "Antalya"]
[Date "2017.01.30"]
[Round "4"]
[White "Uzunoglu, Efe Kerem"]
[Black "Kilic, Gokturk Kagan"]
[Result "1/2-1/2"]
[WhiteElo "2104"]
[BlackElo "1829"]
[PlyCount "238"]
[EventDate "2017.01.28"]
[EventType "swiss"]
[EventRounds "11"]
[EventCountry "TUR"]
[SourceTitle "CBM 176 Extra"]
[Source "ChessBase"]
[SourceDate "2017.03.02"]
[SourceVersion "1"]
[SourceVersionDate "2017.03.02"]
[SourceQuality "1"]

1. d4 Nf6 2. Bf4 e6 3. e3 c5 4. c3 d5 5. Nf3 Nc6 6. Nbd2 Bd6 7. Bg3 Bxg3 8. hxg3 Qb6 9. Rb1 Bd7 10. Ne5 Nxe5 11. dxe5 Ne4 12. Bd3 Nxd2 13. Qxd2 h6 14. Qe2 Qc7 15. f4 c4 16. Bc2 Qc5 17. Kf2 0-0-0 18. Qd2 f6 19. Qd4 Qxd4 20. exd4 f5 21. Rh2 h5 22. Rbh1 Be8 23. Bd1 g6 24. g4 fxg4 25. Bxg4 Bd7 26. Ke3 Rhf8 27. Bd1 Rf7 28. Bc2 Rg8 29. g3 g5 30. Rxh5 gxf4+ 31. gxf4 Rg3+ 32. Kf2 Rg4 33. f5 exf5 34. Rh7 Rfg7 35. Rxg7 Rxg7 36. Rh5 Kd8 37. Bd1 Ke7 38. Bf3 Be6 39. Rh8 Kd7 40. a3 a6 41. Rh6 Ke7 42. Rh1 Kd7 43. Ke3 Rf7 44. Kf4 Rg7 45. Rh8 Kc7 46. Rh2 Kd7 47. Rg2 Rh7 48. Kg5 Ke7 49. Kg6 Rh3 50. Rf2 Rg3+ 51. Kh5 Kf7 52. Kh4 Rg8 53. Rg2 Rh8+ 54. Kg5 Rg8+ 55. Kf4 Rh8 56. Rg5 Rh2 57. Rg2 Rh4+ 58. Kg5 Rh8 59. Bh5+ Ke7 60. Bg6 Rg8 61. Kh6 Bf7 62. Bxf7 Rxg2 63. Bxd5 Rxb2 64. Kg5 Rb3 65. Kxf5 Rxc3 66. Bxb7 Rxa3 67. Ke4 Ra1 68. d5 Re1+ 69. Kd4 c3 70. Kxc3 Rxe5 71. Kd4 Kd6 72. Bxa6 Rxd5+ 73. Ke4 Ra5 74. Bd3 Ke6 75. Kd4 Rh5 76. Bc4+ Kd6 77. Bd3 Rh4+ 78. Be4 Ke6 79. Kd3 Ke5 80. Bg2 Rg4 81. Bc6 Rg6 82. Bb7 Rb6 83. Ba8 Ra6 84. Bb7 Ra3+ 85. Kc4 Ra4+ 86. Kb3 Ra7 87. Bc6 Rc7 88. Be8 Kd4 89. Bg6 Rc6 90. Bf5 Rc3+ 91. Kb2 Kc4 92. Be6+ Kb4 93. Bf7 Rf3 94. Bg6 Rf2+ 95. Ka1 Kb3 96. Be4 Rf1+ 97. Bb1 Kc3 98. Ka2 Rf2+ 99. Ka1 Rf6 100. Ba2 Kc2 101. Bb1+ Kb3 102. Ba2+ Ka3 103. Bb1 Rf2 104. Be4 Re2 105. Bg6 Re1+ 106. Bb1 Kb4 107. Kb2 Re2+ 108. Ka1 Kc3 109. Ba2 Rb2 110. Bb1 Kb3 111. Bf5 Ra2+ 112. Kb1 Ra5 113. Be6+ Kc3 114. Ba2 Rb5+ 115. Ka1 Kc2 116. Bf7 Rb2 117. Bg6+ Kc1 118. Bf7 Rb7 119. Ba2 Ra7 1/2-1/2

[Event "TUR-ch U20"]
[Site "Canakkale"]
[Date "2016.07.03"]
[Round "9"]
[White "Kilic, Gokturk Kagan"]
[Black "Baglan, Esat"]
[Result "0-1"]
[WhiteElo "1630"]
[BlackElo "2227"]
[PlyCount "74"]
[EventDate "2016.06.27"]
[EventType "swiss"]
[EventRounds "9"]
[EventCountry "TUR"]
[SourceTitle "CBM 173 Extra"]
[Source "ChessBase"]
[SourceDate "2016.08.29"]
[SourceVersion "1"]
[SourceVersionDate "2016.08.29"]
[SourceQuality "1"]

1. e4 c5 2. Nf3 Nc6 3. Bb5 g6 4. 0-0 Bg7 5. c3 Nf6 6. Re1 0-0 7. d4 cxd4 8. cxd4 d5 9. e5 Ne4 10. Nc3 Nxc3 11. bxc3 Bf5 12. Nh4 Bd7 13. f4 Nxe5 14. Ba6 bxa6 15. dxe5 Qa5 16. Bd2 Rab8 17. Qc1 Rfc8 18. Nf3 Bf5 19. Nd4 Be4 20. Nb3 Qb5 21. Be3 Rb7 22. Bd4 e6 23. Qe3 Bf8 24. Bxa7 a5 25. Bd4 a4 26. Nd2 Bf5 27. h3 h5 28. Kh2 Qd3 29. Qxd3 Bxd3 30. Nf3 Rcb8 31. Rec1 Rb1 32. Nd2 Rxc1 33. Rxc1 Rb2 34. c4 Rxd2 35. c5 Be4 36. Kg1 Rxd4 37. c6 Rc4 0-1

[Event "TUR-ch U20"]
[Site "Canakkale"]
[Date "2016.06.29"]
[Round "4"]
[White "Kilic, Gokturk Kagan"]
[Black "Alaz, Ahmet Efekan"]
[Result "0-1"]
[WhiteElo "1630"]
[BlackElo "1872"]
[PlyCount "98"]
[EventDate "2016.06.27"]
[EventType "swiss"]
[EventRounds "9"]
[EventCountry "TUR"]
[SourceTitle "CBM 173 Extra"]
[Source "ChessBase"]
[SourceDate "2016.08.29"]
[SourceVersion "1"]
[SourceVersionDate "2016.08.29"]
[SourceQuality "1"]

1. e4 e6 2. d4 d5 3. e5 c5 4. c3 Nc6 5. Nf3 Qb6 6. dxc5 Bxc5 7. Qc2 a5 8. Bf4 Nge7 9. Bd3 h6 10. h3 Bd7 11. 0-0 Rc8 12. Nbd2 Qc7 13. a4 Ba7 14. Rac1 0-0 15. Nb3 f5 16. Rfe1 Ng6 17. Bh2 Qd8 18. Qe2 Nh4 19. Bf4 Be8 20. Nxh4 Qxh4 21. Qf3 g5 22. Bg3 Qxa4 23. Bc2 Qb5 24. h4 Qb6 25. Ra1 Qc7 26. Bh2 b5 27. hxg5 hxg5 28. Qg3 g4 29. Qh4 a4 30. Nd2 Rf7 31. Bd3 Ne7 32. Qh6 Bd7 33. Bg3 Rh7 34. Qg5+ Rg7 35. Qh6 Rh7 36. Qg5+ Rg7 37. Qh6 Rg6 38. Qh4 Kf7 39. Qh7+ Rg7 40. Qh5+ Kg8 41. Qh6 Ng6 42. Kf1 Rf8 43. Nb1 Be8 44. Na3 Qc5 45. Qe3 Qe7 46. Qd2 f4 47. Bh2 Qh4 48. Bg1 f3 49. Rec1 Qh1 0-1

[Event "TUR-ch U20"]
[Site "Canakkale"]
[Date "2016.06.28"]
[Round "3"]
[White "Kamer, Kayra"]
[Black "Kilic, Gokturk Kagan"]
[Result "1/2-1/2"]
[WhiteElo "1995"]
[BlackElo "1630"]
[PlyCount "92"]
[EventDate "2016.06.27"]
[EventType "swiss"]
[EventRounds "9"]
[EventCountry "TUR"]
[SourceTitle "CBM 173 Extra"]
[Source "ChessBase"]
[SourceDate "2016.08.29"]
[SourceVersion "1"]
[SourceVersionDate "2016.08.29"]
[SourceQuality "1"]

1. a3 e5 2. c4 Nf6 3. e3 d6 4. b4 Nbd7 5. Bb2 g6 6. Nf3 Bg7 7. d4 Qe7 8. Be2 0-0 9. Nc3 c6 10. Qc2 Re8 11. 0-0 Nf8 12. d5 N6d7 13. e4 g5 14. Rfd1 h6 15. Qd2 c5 16. Ne1 b6 17. Nb5 Nf6 18. bxc5 bxc5 19. f3 a6 20. Nc3 Ng6 21. Nc2 Nf4 22. Ne3 Rb8 23. Rab1 Bd7 24. Ba1 h5 25. a4 Nxe2+ 26. Qxe2 g4 27. a5 gxf3 28. Qxf3 Ng4 29. h3 Nxe3 30. Qxe3 f5 31. Rf1 f4 32. Qf3 Qg5 33. Ne2 Bf6 34. Bc3 Kf7 35. Rxb8 Rxb8 36. Nxf4 exf4 37. Qxf4 Rb1 38. Qxd6 Qe3+ 39. Kh2 Rxf1 40. Qxd7+ Kg6 41. Qe8+ Kg7 42. Qe7+ Kg6 43. Qe8+ Kg7 44. Qe7+ Kg6 45. Qe8+ Kg7 46. Qe7+ Kg6 1/2-1/2

[Event "TUR-ch U20"]
[Site "Canakkale"]
[Date "2016.06.28"]
[Round "2"]
[White "Kilic, Gokturk Kagan"]
[Black "Yazici, Ugur Doga"]
[Result "1-0"]
[WhiteElo "1630"]
[BlackElo "1994"]
[PlyCount "85"]
[EventDate "2016.06.27"]
[EventType "swiss"]
[EventRounds "9"]
[EventCountry "TUR"]
[SourceTitle "CBM 173 Extra"]
[Source "ChessBase"]
[SourceDate "2016.08.29"]
[SourceVersion "1"]
[SourceVersionDate "2016.08.29"]
[SourceQuality "1"]

1. e4 e5 2. Nf3 Nc6 3. d4 exd4 4. Nxd4 Qf6 5. Be3 Bc5 6. c3 Nge7 7. Bc4 Ne5 8. Be2 Qg6 9. 0-0 d6 10. f3 0-0 11. Nd2 Bb6 12. Kh1 f5 13. a4 fxe4 14. Nxe4 d5 15. Ng3 c6 16. b4 h5 17. Qb1 Qf7 18. Bg5 a5 19. Rd1 Nf5 20. Ndxf5 Bxf5 21. Nxf5 Qxf5 22. Qxf5 Rxf5 23. h4 axb4 24. cxb4 Bd8 25. Bxd8 Rxd8 26. Rd4 Re8 27. Rad1 Rf6 28. Bf1 Ng6 29. Kg1 Nf4 30. Kf2 Ne6 31. R4d2 Rf4 32. Rb2 Rxh4 33. a5 Rd4 34. Rc1 Nf4 35. b5 cxb5 36. Rxb5 Ra4 37. Rc7 Ra2+ 38. Kg3 Ne2+ 39. Kh2 Re5 40. Rbxb7 Rg5 41. a6 Ng3 42. Bd3 Ne4 43. Rc2 1-0

[Event "Manavgat Turkey Cup"]
[Site "Manavgat"]
[Date "2016.02.04"]
[Round "8"]
[White "Kilic, Gokturk Kagan"]
[Black "Goktas, Fahreddin"]
[Result "1/2-1/2"]
[WhiteElo "1776"]
[BlackElo "1641"]
[PlyCount "96"]
[EventDate "2016.01.30"]
[EventType "swiss"]
[EventRounds "11"]
[EventCountry "TUR"]
[SourceTitle "CBM 170 Extra"]
[Source "ChessBase"]
[SourceDate "2016.02.25"]
[SourceVersion "1"]
[SourceVersionDate "2016.02.25"]
[SourceQuality "1"]

1. e4 e5 2. Nf3 Nc6 3. d4 exd4 4. Nxd4 Nxd4 5. Qxd4 c5 6. Qa4 g6 7. Nc3 Bg7 8. Bf4 Bxc3+ 9. bxc3 Qf6 10. e5 Qc6 11. Bb5 Qe6 12. 0-0 Ne7 13. Bg5 0-0 14. Bf6 Nf5 15. Rad1 d5 16. Qf4 h6 17. Bd3 Kh7 18. Bxf5 Qxf5 19. Qxf5 Bxf5 20. Rxd5 Be6 21. c4 b5 22. Rfd1 Rfc8 23. Rd8 Bxc4 24. a3 b4 25. axb4 cxb4 26. Rxc8 Rxc8 27. Rd8 Rxd8 28. Bxd8 g5 29. f3 Kg7 30. Kf2 Kf8 31. Ke3 Ke8 32. Ba5 b3 33. cxb3 Bxb3 34. Bb4 Bc2 35. h3 a6 36. f4 gxf4+ 37. Kxf4 Kd7 38. g4 h5 39. gxh5 Ke6 40. Bc3 Ke7 41. Kg5 Kf8 42. Kf6 Kg8 43. Ke7 Kh7 44. Bd2 Bd3 45. Kf6 Bc2 46. h4 Bd3 47. h6 Bc2 48. h5 Bd3 1/2-1/2